LEADER 01863nam 2200349 450 001 9910734347803321 005 20230816094643.0 035 $a(CKB)5470000002907831 035 $a(NjHacI)995470000002907831 035 $a(EXLCZ)995470000002907831 100 $a20230816d2023 uy 0 101 0 $aeng 135 $aur||||||||||| 181 $ctxt$2rdacontent 182 $cc$2rdamedia 183 $acr$2rdacarrier 200 00$aApplication of Botulinum Neurotoxin in Lower Urinary Tract Dysfunctions $eWhere Are We Now? /$fedited by Hann-Chorng Kuo 210 1$a[Place of publication not identified] :$cMDPI - Multidisciplinary Digital Publishing Institute,$d2023. 215 $a1 online resource (172 pages) 311 $a3-0365-7939-7 330 $aEvidence has shown that botulinum toxin A has advantages in lower urinary tract dysfunctions (LUTDs), especially in interstitial cystitis, urethral sphincter dysfunction, and inflammatory bladder disorders which currently cannot be adequately treated with oral pharmacological medications. This Special Issue has collected original or review articles that focus on the novel applications of botulinum toxin A in LUTDs. The research has been updated and contains novel therapeutic applications of botulinum toxin for bladder or urethral dysfunctions. This Special Issue of Toxins provides current knowledge surrounding the status of botulinum toxin in functional urology and LUTDs. 517 $aApplication of Botulinum Neurotoxin in Lower Urinary Tract Dysfunctions 606 $aBotulinum toxin 615 0$aBotulinum toxin. 676 $a615.329364 702 $aKuo$b Hann-Chorng 801 0$bNjHacI 801 1$bNjHacl 906 $aBOOK 912 $a9910734347803321 996 $aApplication of Botulinum Neurotoxin in Lower Urinary Tract Dysfunctions$93421500 997 $aUNINA LEADER 04077nam 2200457 450 001 996490351403316 005 20231110223644.0 010 $a9789811928024$b(electronic bk.) 010 $z9789811928017 035 $a(MiAaPQ)EBC7098148 035 $a(Au-PeEL)EBL7098148 035 $a(CKB)24866036900041 035 $a(PPN)264954106 035 $a(EXLCZ)9924866036900041 100 $a20230223d2022 uy 0 101 0 $aeng 135 $aurcnu|||||||| 181 $ctxt$2rdacontent 182 $cc$2rdamedia 183 $acr$2rdacarrier 200 10$aSymmetry representations of molecular vibrations /$fM. A. Wahab 210 1$aSingapore :$cSpringer,$d[2022] 210 4$dİ2022 215 $a1 online resource (300 pages) 225 1 $aSpringer Series in Chemical Physics ;$vv.126 311 08$aPrint version: Wahab, M.A. Symmetry Representations of Molecular Vibrations Singapore : Springer,c2022 9789811928017 327 $aIntro -- Preface -- The Electromagnetic Spectrum -- Contents -- About the Author -- 1 Molecular and Crystal Symmetries -- 1.1 Introduction -- 1.2 Symmetry Elements -- 1.3 Symmetry Operations -- 1.4 Molecular Symmetries -- 1.5 Elements of Matrices -- 1.6 Matrix Representation of Symmetry Operations -- 1.7 Molecular Point Groups -- 1.8 Determination of Molecular Point Groups -- 1.9 Crystallographic Point Groups -- 1.10 Point Group Notations -- 1.11 Summary -- 2 Elements of Group Theory and Multiplication Tables -- 2.1 Introduction -- 2.2 Elements of Group Theory -- 2.3 Classifications of Crystallographic Point Groups -- 2.4 Construction of Group Multiplication Tables of 32 Point Groups -- 2.5 Summary -- Appendix -- Group Multiplication Tables of 32 Point Groups -- 3 Orthogonality Theorem and Character Tables -- 3.1 Introduction -- 3.2 Representations -- 3.3 Orthogonality Theorem -- 3.4 Properties of Irreducible Representation -- 3.5 Parts of a Character Table -- 3.6 Characters of Representations in Point Groups -- 3.7 Construction of Character Tables -- 3.8 Mulliken Symbols -- 3.9 Transformation Properties -- 3.10 Summary -- Appendix: Character Tables -- Character Tables for Some Important Point Groups using Schoenflies Notation -- Character Tables for Linear Molecules -- 4 Normal Modes of Molecular Vibrations -- 4.1 Introduction -- 4.2 Molecular Motions -- 4.3 Relationship Between Reducible and Irreducible Representations -- 4.4 Characters of Matrices of Some Fundamental Symmetry Operations -- 4.5 Determination of Overall Reducible Representation of Nonlinear Molecules -- 4.6 Representations of Vibrational Modes of Nonlinear Molecules -- 4.7 Vibrational Modes in Some Nonlinear Molecules -- 4.8 Vibrational Modes in Some Linear Molecules -- 4.9 Summary -- 5 Vibrational Spectroscopy of Molecules -- 5.1 Introduction. 327 $a5.2 Some Useful Observations Concerning Molecular Vibrations -- 5.3 General Survey of Vibrational Spectroscopy -- 5.4 Infrared (IR) Spectral Region -- 5.5 Theory of IR Absorption -- 5.6 Infrared (IR) Spectrometer -- 5.7 Fourier Transform Infrared (FTIR) Spectroscopy -- 5.8 Role of Functional Groups in Vibrational Spectroscopy -- 5.9 Nomenclature of Internal Modes of Vibration -- 5.10 Theory of Raman Scattering -- 5.11 Raman Spectrometer -- 5.12 Fourier Transform (FT) Raman Spectrometer -- 5.13 Symmetry Based on Some Useful General Conclusions -- 5.14 Determination of Molecular Structures Using IR and Raman Results -- 5.15 Correlation Between Super Group-Subgroup Species -- 5.16 Summary -- Bibliography -- Index -- Untitled. 410 0$aSpringer Series in Chemical Physics 606 $aMolecular spectroscopy 606 $aMolecular spectroscopy$xData processing 615 0$aMolecular spectroscopy. 615 0$aMolecular spectroscopy$xData processing. 676 $a539.6 700 $aWahab$b M. A.$01223384 801 0$bMiAaPQ 801 1$bMiAaPQ 801 2$bMiAaPQ 912 $a996490351403316 996 $aSymmetry representations of molecular vibrations$93023496 997 $aUNISA